Aj výrobky žijú svoj život

Charakteristika štyroch vývojových fáz životného cyklu produktu: zavedenie výrobku na trh, výber cenovej stratégie, rast, spomaľovanie a pokles objemu predaja výrobku.

Salvato in:
Dettagli Bibliografici
Autore principale: Lipianska, Júlia
Natura: Capitolo di libro
Lingua:slovacco
Soggetti:
Tags: Aggiungi Tag
Nessun Tag, puoi essere il primo ad aggiungerne!!

MARC

LEADER 00000naa a2200000 4500
001 r038009
005 20231003110944.5
041 0 |a slo 
044 |a SK 
245 1 0 |a Aj výrobky žijú svoj život  |c Júlia Lipianska 
520 |a Charakteristika štyroch vývojových fáz životného cyklu produktu: zavedenie výrobku na trh, výber cenovej stratégie, rast, spomaľovanie a pokles objemu predaja výrobku. 
610 2 0 |a cyklus výrobku životný 
610 2 0 |a životnosť výrobkov 
610 2 0 |a trh 
610 2 0 |a stratégia marketingová 
610 2 0 |a predaj 
610 2 0 |a výrobky 
100 1 |a Lipianska, Júlia